| 000 | 01240nam a2200229Ia 4500 | ||
|---|---|---|---|
| 003 | Ost | ||
| 005 | 20260507075111.0 | ||
| 008 | 260507s9999||||xx |||||||||||||| ||und|| | ||
| 040 | _cfsecg | ||
| 041 | _aara | ||
| 082 | _a330 | ||
| 100 |
_aحسن، سوزان علي _eمؤلف |
||
| 245 | 0 |
_aمسؤولية متعهد النقل متعدد الوسائط / _c سوزان علي حسن |
|
| 260 |
_aالاسكندرية: _bدار الجامعة الجديدة, _c2003 |
||
| 300 |
_a225 صفحة؛ _c24 سم |
||
| 490 | _aالمكتبة القانونية | ||
| 504 | _aببليوغرافيا:ص.219-223 | ||
| 520 | _aالصعوبات المتعلقة بمسئولية متعهد النقل متعدد الوسائط،المشاكل الناشئة عن استخدام التكنولوجيا الحديثة،المشاكل القانونية،الصعوبات المتعلقة بوثائق النقل،الجهود المبذولة لإرساء نظام مسئولية موحد للنقل الدولي متعدد الوسائط،إتفاقية الأمم المتحدة للنقل الدولي متعدد الوسائط،العقود النموذجية | ||
| 653 | _aالنقل | ||
| 653 | _aتكنولوجيا | ||
| 942 | _cكتاب | ||
| 999 |
_c42920 _d42920 |
||